000 00601nam a22002057a 4500
005 20220304161413.0
008 220304b ||||| |||| 00| 0 eng d
020 _a9788122413809
040 _cAL
041 _aEnglish
082 _223
_a665.776
_bNIJB
100 _aNijaguna B T
_922800
245 _aBiogas Technology
260 _aNew Delhi
_bNew Age International Pvt Limited Publishers
_c2016
300 _axii,287 p.
_bPB
_c24x18 cm.
365 _aMLSH21CRB334
_b₹239.20
_c
_d₹299.00
_e20%
_f20-02-2022
650 _aBiogas
_922801
700 _aNIJAGUNA (B T)
_922802
942 _2ddc
_cBK
999 _c221725
_d221725